| 000 | 00445nam a2200157Ia 4500 | ||
|---|---|---|---|
| 008 | 230312s9999||||xx |||||||||||||| ||und|| | ||
| 020 | _a81-7758-263-1 | ||
| 082 |
_a621.382 _bSCH-M |
||
| 100 | _aSchiller Jochen , H. | ||
| 245 | 0 | _aMobile Communications | |
| 260 |
_bPearson Education _aNew Delhi _c2003 |
||
| 300 | _a512 | ||
| 546 | _aEng. | ||
| 650 |
_aEngineering _vIntroduction , Wireless transmission , Medium access control |
||
| 942 | _cBK | ||
| 999 |
_c1435 _d1435 |
||